Les 49.3 - Statistiques

Statistiques générales
  • Ce quiz a été pris 40 fois
  • Le résultat moyen est 3 sur 8
Statistiques - réponses
Hint Réponse % Correct
13 Elisabeth Borne
97%
6 Manuel Valls
58%
8 Jacques Chirac
45%
28 Michel Rocard
45%
6 Georges Pompidou
24%
8 Edith Cresson
21%
8 Raymond Barre
21%
7 Pierre Mauroy
13%
Aucun quiz correspondant
Distribution des résultats
% des personnes avec chaque résultat
Percentile par nombre de réponses
Votre historique - résultats
Vous n’avez pas pris ce quiz